Laporan Pelaksanaan Program Transformasi Kastam (Projek T-15) : (Record no. 3347)

000 -LEADER
fixed length control field nam a22 a 4500
005 - DATE AND TIME OF LATEST TRANSACTION
control field 20170524124230.0
008 - FIXED-LENGTH DATA ELEMENTS--GENERAL INFORMATION
fixed length control field 170522s2012 my ||||| |||| 00| 0 may d
040 ## - CATALOGING SOURCE
Original cataloging agency AKMAL
082 ## - DEWEY DECIMAL CLASSIFICATION NUMBER
Classification number 352.448595 JKDM
090 ## - LOCALLY ASSIGNED LC-TYPE CALL NUMBER (OCLC); LOCAL CALL NUMBER (RLIN)
Classification number (OCLC) (R) ; Classification number, CALL (RLIN) (NR) 352.448595
Local cutter number (OCLC) ; Book number/undivided call number, CALL (RLIN) JKDM
245 10 - TITLE STATEMENT
Title Laporan Pelaksanaan Program Transformasi Kastam (Projek T-15) :
Remainder of title Tahun 2012 ( suku tahun ketiga) /
Statement of responsibility, etc. Jabatan Kastam Diraja Malaysia.
260 ## - PUBLICATION, DISTRIBUTION, ETC.
Place of publication, distribution, etc. Putrajaya;
Name of publisher, distributor, etc. Jabatan Kastam Diraja Malaysia,
Date of publication, distribution, etc. 2012
300 ## - PHYSICAL DESCRIPTION
Extent 40mukasurat;
Other physical details Illustrasi berwarna ;
Dimensions 25cm
650 10 - SUBJECT ADDED ENTRY--TOPICAL TERM
Topical term or geographic name entry element Customs Administration
Geographic subdivision Malaysia
9 (RLIN) 491
650 20 - SUBJECT ADDED ENTRY--TOPICAL TERM
Topical term or geographic name entry element Customs
Form subdivision Transformation programme
Geographic subdivision Malaysia
9 (RLIN) 6784
710 10 - ADDED ENTRY--CORPORATE NAME
Corporate name or jurisdiction name as entry element Jabatan Kastam Diraja Malaysia,
Subordinate unit Bahagian Perancangan Korporat.
9 (RLIN) 6751
942 ## - ADDED ENTRY ELEMENTS (KOHA)
Source of classification or shelving scheme
Koha item type Book
950 ## - LOCAL HOLDINGS (RLIN)
Permanent shelving location, LOC (RLIN) AKMAL
Holdings
Withdrawn status Lost status Source of classification or shelving scheme Damaged status Not for loan Collection code Home library Current library Shelving location Date acquired Inventory number Total Checkouts Full call number Barcode Date last seen Price effective from Koha item type
          NON-FICTION AKMAL Melaka AKMAL Melaka PINJAMAN 22.05.2017 001483   352.448595 JKDM 201703839 22.05.2017 22.05.2017 Book
Pusat Sumber Maklumat Dato' Haji Sarmin Md Hussin, Akademi Kastam Diraja Malaysia, Melaka
Tel: 06-2331106 | Faks: 06-2313787